Holidays by Balloon Quiz Stats

 Plays Quiz Updated Sep 26, 2017

Also try: Holiday by LEGO
Challenge
Share
Tweet
Score 0/15 Timer 04:00
47 Plays Today
% Correct
Christmas
99.7%
Easter
98.7%
Valentine's Day
97.2%
St. Patrick's Day
95.2%
Thanksgiving
94.5%
Halloween
94.2%
US Independence Day
93.5%
Chinese New Year
90.4%
% Correct
Presidents Day
78.4%
Day of the Dead
77.7%
Hanukkah
77.4%
Arbor Day
61.6%
Talk Like a Pirate Day
55%
Guy Fawkes Night
50.1%
Veterans Day
49.8%

You're not logged in!

Compare scores with friends on all Sporcle quizzes.
OR
Log In

You Might Also Like...

Show Comments

Extras

Top Quizzes Today


Score Distribution

Your Account Isn't Verified!

In order to create a playlist on Sporcle, you need to verify the email address you used during registration. Go to your Sporcle Settings to finish the process.

Report this User

Report this user for behavior that violates our Community Guidelines.

Details: